| 000 | 00763nas a2200277 4500 | ||
|---|---|---|---|
| 001 | BR2012008207 | ||
| 003 | BR-BrBNA | ||
| 005 | 20231205121348.0 | ||
| 007 | ta | ||
| 008 | 230509b bl.|||p| |||| 00| 00por d | ||
| 040 |
_aBR-BrBNA _bpor _cBiblioteca Nacional de Agricultura |
||
| 041 | _a(Pt) | ||
| 072 | _aM12 | ||
| 100 | 1 | _aTorres, R. | |
| 245 | 1 | _aA aquicultura radiografada | |
| 650 | _aAQUICULTURA | ||
| 650 | _aPESCA | ||
| 650 | _aPISCICULTURA | ||
| 650 | _aDEMANDA | ||
| 650 | _aPREÇO | ||
| 650 | _aMERCADO INTERNACIONAL | ||
| 650 | _aCARCINICULTURA | ||
| 773 | 0 |
_tRevista Aquicultura e Pesca (Brazil) _xISSN 1807-9741 _g(Mar-Apr 2009), v. 5(38) p. 30-39 _wBR2012008207 |
|
| 909 |
_a202311 _bLúcia _c55 _dLúcia Elande |
||
| 942 |
_2AGRIS _n0 _cANA |
||
| 999 |
_c223162 _d223162 |
||